000 01205naa a2200289 c 4500
001 47148
003 ES-MaCES
005 20160224132524.0
008 160224s2015 sp ||||| t||||||| ||spa d
040 _aES-MaCES
_bspa
_cES-MaCES
_dES-MaCES
100 1 _99200
_aCasas Baamonde, María Emilia
245 1 3 _aLa mediación laboral autónoma como alternativa al proceso
_cMaría Emilia Casas Baamonde
650 4 _929897
_amediación
650 4 _927302
_aarbitraje
650 4 _928367
_aconflicto de trabajo
650 4 _927303
_aconciliación
650 4 _927305
_aarreglo de conflicto
650 4 _929889
_aprocedimiento judicial
650 4 _928362
_anegociación colectiva
650 4 _927166
_alegislación del trabajo
650 4 _929894
_arégimen jurídico
650 4 _930768
_aComunidades Autónomas
653 1 0 _aRelaciones laborales-Empleo
773 0 _984111
_aCongreso Universitario sobre Solución Autónoma de Conflictos Laborales
_b1ª ed
_dAlbacete Bomarzo 2015
_o087013
_tArbitraje, mediación y comisiones paritarias en la solución del conflicto de trabajo
_w(ES-MaCES)47132
_z9788416608096
_gp.59-95 . - SG-2.0.-121
902 _aARL Artículo de libro
942 _2CES
_cAR
_h2.0.
999 _c47148
_d47148